000 00363nam a22001571a 4500
020 _a9788183610780
082 _aH3
_bRAJ/H
100 _aRaju Sharma
245 _aHalafname/
_cby Raju Sharma
260 _aNew Delhi:
_bRadhakrishna,
_c2007.
300 _a252p.
650 _aNovel Hindi
650 _aLiterature Hindi
650 _aLiterature
942 _cBK
999 _c16851
_d16851